| 000 | 00714cam a2200181 4500 | ||
|---|---|---|---|
| 008 | 000000n2000 000 0 eng u | ||
| 020 | _a1900858428 | ||
| 035 | _a(Sirsi) u104173 | ||
| 050 | _a690.24 | ||
| 110 |
_aBuilding Maintenance Information _93229 |
||
| 245 | 4 | _aThe economic significance of maintenance : maintenance expenditure 1988-1998. | |
| 260 |
_aLondon _bBMI _c2000 |
||
| 300 | _a12p. ; 30cm. | ||
| 490 |
_aSerial _v286 |
||
| 520 | _aThis item is part of a subscription service and cannot be photocopied. Neither can any part of it be read out over the phone. Please contact BMI direct on 020 7222 7000 for details. | ||
| 690 | _aBUILDING AND CONSTRUCTION-REPAIRS AND MAINTENANCE | ||
| 942 | _n0 | ||
| 999 |
_c100220 _d100220 |
||